Statistics for Marvel characters A-Z

Click here to take the quiz!

General Stats

  • This quiz has been taken 44 times
  • The average score is 15 of 19

Answer Stats

HintAnswer% Correct
has the ability to change his sizeAAnt man
100%
magic doctorDDoctor Strange
94%
talking tree GGroot
94%
god with a hammerTThor
94%
the "playboy genius"IIron man
92%
T's brother, god of AsgardLLoki
92%
runs fastQQuicksilver
89%
regeneration and clawsWWolverine
89%
SHIELD agent who uses a bowHHawkeye
86%
former Russian spy who works for the SHIELDBBlack Widow
83%
controls weatherSStorm
83%
controls metal, P's old friendMMagneto
81%
laser blastCCyclops
75%
telepath leader of the x men, M's old friendPProfessor X
72%
telepath in love with CJJean Grey
61%
the other pantherKKillmonger
58%
can use other mutants powers by touching themRRogue
56%
teleportation, blueNNightcrawler
42%
telepath that can change her body into iceEEmma Frost
33%

Score Distribution

Percentile by Number Answered

Percent of People with Each Score

Your Score History

You have not taken this quiz